000 00338 a2200157 4500
001 61044
020 _a8587122525
040 _cAnchieta - Pituba
100 _aAbbud, Lia Regina
240 1 0 _aO que eu vou ser?
_lpor
245 1 0 _aO que eu vou ser?
300 _a193
362 0 _a2003
650 4 _aEscolha de vocação
942 _cBK
999 _c61044
_d61044